Countries Whose First Letter Is Same That Of Its Capital - Statistics

General Stats
  • This quiz has been taken 39 times
  • The average score is 18 of 30
Answer Stats
Answer % Correct
Mexico and Mexico City
94%
Belize and Belmopan
90%
Brazil and Brasilia
84%
Guatemala and Guatemala City
84%
Luxembourg and Luxembourg
84%
Panama and Panama
81%
Tunisia and Tunis
81%
Vatican City and Vatican City
81%
Algeria and Algiers
77%
Monaco and Monaco
77%
Andorra and Andorra La Vella
74%
Singapore and Singapore
74%
Sweden and Stockholm
71%
South Korea and Seoul
65%
Djibouti and Djibouti
61%
Kuwait and Kuwait City
58%
Maldives and Male
55%
Sao Tome and Principe and Sao Tome
55%
Belgiumand Brussels
48%
Guyana and Georgetown
48%
Mozambique and Maputo
48%
Barbados and Bridgetown
45%
Brunei and Bandar Seri Begawan
42%
Burundi and Bujumbura
42%
Niger and Niamey
42%
Papua New Guinea and Port Moresby
39%
Marshall Islands and Majura
35%
Taiwan and Taipei
35%
Sri Lanka and Sri Jayawardenepura Kotte
29%
Gibraltar and Gibraltar
0%
No matching quizzes found
Score Distribution
Percent of People with Each Score
Percentile by Number Answered
Your Score History
You have not taken this quiz